000 00456ntaaa2200181 4500
003 01
005 20251027201255.0
008 0714s1973 ag 01
040 _aAR-BaBN
_bspa
_cAR-BaBN
_eaacr
_dRIC
082 _a221.0000 J12
100 _aJackson, George
_910912
245 _aStudies in the Old Testament
250 _a1 ed. :
_bW. Briggs,
_c1909
300 _a239 p.
650 _aBiblia-Antiguo Testamento
650 _aAntiguo Testamento
942 _cBK
999 _c7128
_d7128